LIBRARY & INFORMATION CENTRE, KCAET, TAVANUR

ONLINE PUBLIC ACCESS CATALOGUE (OPAC)

Fabrication and performance evaluation of a solar pond (Record no. 15264)

MARC details
000 -LEADER
fixed length control field 00655nam a22001937a 4500
003 - CONTROL NUMBER IDENTIFIER
control field OSt
088 ## - REPORT NUMBER
Report number P 22
100 ## - MAIN ENTRY--AUTHOR NAME
Personal name BALAKRISHNAN A
245 ## - TITLE STATEMENT
Title Fabrication and performance evaluation of a solar pond
260 ## - PUBLICATION, DISTRIBUTION, ETC. (IMPRINT)
Place of publication Tavanur 1993
Name of publisher Department of Farm Power Machinery and Energy
300 ## - PHYSICAL DESCRIPTION
Number of Pages 46
500 ## - GENERAL NOTE
General note Fabrication and performance evaluation of a solar pond
520 ## - SUMMARY, ETC.
Summary, etc Fabrication and performance evaluation of a solar pond
700 ## - ADDED ENTRY--PERSONAL NAME
Personal name Kavitha K.S
700 ## - ADDED ENTRY--PERSONAL NAME
Personal name Er. V. R. Ramachandran (Guide)
856 ## - ELECTRONIC LOCATION AND ACCESS
Uniform Resource Identifier https://drive.google.com/open?id=10yLIYmB0YuEfGPjgwDJ18i_c1lUZ3m8w
942 ## - ADDED ENTRY ELEMENTS (KOHA)
Koha item type Project Report
Holdings
Collection code Home library Current library Shelving location Full call number Accession Number Koha item type
Reference KAUAET KAUAET Reference 631.3 BAL/FA P 22 Project Report
free website counter